00359nam a2200133Ia 4500008004100000020001500041041001200056082001600068100001800084245006400102260003500166300000800201650001600209221030s9999 xx 000 0 und d a9814033464 aEnglish a105.23bNil aN. J. Nilsson 0aArtificial Intelligence : A New Synthesiscby N. J. Nilsson bHarcourt AsiaaSingaporec2000 a513 aBE Computer